000
00261nam a22000857a 4500
008
160704b xxu||||| |||| 00| 0 eng d
100
_9
1926
_a
Bhatt, B.D
245
_a
Modern Indian Education: Planning and Development
260
_a
New Delhi
_b
Kanishka Publication
_c
2005
999
_c
1628
_d
1628